000 00407nam a2200145Ia 4500
008 090122s9999 xx 000 0 und d
082 _b10737
100 _aकुकडे
_b"सुमती,"
_cदेवळाणकर
245 _aन्यहारी
600 _aकुकडे
630 _aन्यहारी
700 _aकुकडे
730 _aन्यहारी
942 _cBOOK
999 _c34814
_d34814